000 01361nam a2200289Ia 4500
001 F1715
003 IT-RoPAU
008 130308s9999 xx 000 0 und d
040 _aIT-RoPAU
040 _cIT-RoPAU
041 _aITALIANO
100 _aLongo Giuseppe
100 _gCodice Aut. SPICS: 116
245 _aNuovo Golem (Il). Come il computer cambia la nostra cultura
245 _bNuovo Golem (Il). Come Il Computer cambia la nostra Cultura
250 _a1a ed.
260 _aROMA/BARI
260 _bLaterza
260 _c1998 [1° Ed.:1998 - Ed.Ling.Originale:1998]
300 _a"144 p. (prefazione: 16; testo: 128 [pagine: 0-0])"
500 _aRivoluzione Informatica: Avvento dell'Informatica, Estroflessione Cognitiva, Evoluzione troppo Rapida, informatica e Lammarckismo, informatica ed Epistemologia. Mondo dell'Informazione: Teoria di Shannon e Suoi Limiti, Teoria Generale dell'Informazione, Qualche Cenno Storico, Scienza in Rete. informatica e Scienza: informatica e Matematica, informatica e Intelligenza Artificiale, Conoscenza biologica e Razionale, Traduzione Automatica. Societa',Senso e Storia: informatica e Scuola, Corpo e Realtà Virtuale, Narrazionee Il Se', Memoria, Oblio. Bibliografia.
650 _aSAGGI DI INFORMATICA
650 _eCodice materia Spics: 4207
942 _cBK
957 _71
999 _c89986
_d89986
999 _g1